00811nam a2200241 a 450000100060000000300080000600500170001400800410003103500190007204000240009104100080011508200260012324500790014926000490022830000360027741000540031350400500036750400310041765000190044865000230046770000380049083000410052862868BD-RjUL20260129114157.0170126s1966 xx 000 0 eng  a(BD-RjUL)62996 aDLCcGASUdDLCbeng aeng 223a891.409bHAM 196600aMuhammad Shahidullah felicitation volume /cedited by Muhammad Enamul Haq. aDacca :bAsiatic Society of Pakistan,cc1966 axxxvi, 422 p. :bill. ;c25 cm.20aAsiatic Society of Pakistan.tPublicationvno. 17 aWorks by Muhammad Shahidullah: p. xvi-xxxiv. aBibliographical footnotes. 0aIndic studies. 0aStudy skill zAsia1 aHaq, Muhammad Enamul,d1906-1982. aAsiatic Society of Pakistan.vno. 17